| 000 | 00759nam a2200229 i 4500 | ||
|---|---|---|---|
| 001 | bg | ||
| 245 | 0 |
_aWodociągi i kanalizacja : _bmateriały pomocnicze do ćwiczeń projektowych. _nCz. 2, _pKanalizacja / _cJoanna Dolecka [et. al.]. |
|
| 260 |
_aBiałystok : _bDział Wydawnictw i Poligrafii PB, _c1999. |
||
| 300 |
_a97 s., [8] k. tabl. złoż. : _brys., wykr. ; _c24 cm. |
||
| 490 | 1 | _aSkrypty / Politechnika Białostocka | |
| 504 | _aBibliogr. s. 97. | ||
| 650 | 9 | _aWodociągi | |
| 655 | _aPodręczniki akademickie | ||
| 830 | 0 | _aSkrypty (Politechnika Białostocka) | |
| 020 | _a8386272244 | ||
| 040 | _cBPK | ||
| 041 | 0 | _apl | |
| 080 | _a628.1/.2(075.8) | ||
| 920 | _a83-86272-24-4 | ||
| 942 | _cKS | ||
| 008 | s pl f |000 0 pol | ||
| 999 |
_c37849 _d37849 |
||
| 856 |
_uhttp://koha.tu.koszalin.pl/cgi-bin/koha/opac-detail.pl?biblionumber=37849 _yKatalog online BPK |
||